000
00366nam a2200133Ia 4500
008
100328s9999 xx 000 0 und d
082
_b
3061
100
_a
प्रेमचन्द
245
_a
प्रतिज्ञा
260
_b
सरस्वती
630
_a
प्रतिज्ञा
730
_a
प्रतिज्ञा
942
_c
BOOK
999
_c
499215
_d
499212